000 00410nam a22001817a 4500
003 MPLRDC
005 20220104144231.0
008 210129b ||||| |||| 00| 0 eng d
020 _a957-459-294-4
082 _a719 HAS
100 _a黄安胜
245 _a旅人的秘密地图
_c
250 _a初版
260 _a
_bBook 4U
_c2001
300 _b
650 _a世界游记
942 _cBK
_o719 HAS
999 _c47682
_d47672